000
00207 a2200097 4500
001
30091
100
_a
Eadie
245
_a
Minicomputer theory and operation
260
_a
_b
Reston
_c
090
_c
20042
_d
20042
942
_a
NUST-CAE
_c
M
_c
11162
999
_c
265164
_d
265164